Les célébrités françaises homosexuels - Statistiques

Statistiques générales
  • Ce quiz a été pris 414 fois
  • Le résultat moyen est 2 sur 9
Statistiques - réponses
Réponse % Correct
3 Jarry
60%
8 Bilal Hassani
44%
1 Laurent Ruquier
36%
2 Stéphane Bern
29%
6 Pierre Palmade
13%
4 Jean-Paul Gauthier
10%
9 Pascal Obispo
9%
7 Thierry Ardisson
8%
5 Vincent Dedienne
6%
Aucun quiz correspondant
Distribution des résultats
% des personnes avec chaque résultat
Percentile par nombre de réponses
Votre historique - résultats
Vous n’avez pas pris ce quiz